SPEAKING OF ETHNOGRAPHY (Record no. 20904)

MARC details
000 -LEADER
fixed length control field 00289nam a2200133Ia 4500
008 - FIXED-LENGTH DATA ELEMENTS--GENERAL INFORMATION
fixed length control field 240624s9999 xx 000 0 und d
041 ## - LANGUAGE CODE
Language code of text/sound track or separate title eng
082 ## - DEWEY DECIMAL CLASSIFICATION NUMBER
Classification number 306 AGA
100 ## - MAIN ENTRY--PERSONAL NAME
Personal name AGAR MICHAEL H
245 ## - TITLE STATEMENT
Title SPEAKING OF ETHNOGRAPHY
260 ## - PUBLICATION, DISTRIBUTION, ETC.
Date of publication, distribution, etc. 1985
300 ## - PHYSICAL DESCRIPTION
Extent 80 : p.
365 ## - TRADE PRICE
Currency code
Price amount 30
Holdings
Withdrawn status Lost status Damaged status Not for loan Home library Current library Shelving location Date acquired Source of acquisition Cost, normal purchase price Total Checkouts Full call number Barcode Date last seen Date last checked out Copy number Price effective from Koha item type
        IMTN IMTN Rack 6-B 01/10/2013 AP 25.00 2 306 AGA 20904 12/12/2024 09/30/2024 57.6 06/24/2024 Books
Designed & Maintained by: LRC IMT Nagpur Contact: lrc@imtnag.ac.in© 2024. All Rights Reserved.